000 00288nam a2200121 i 4500
001 bg
245 0 _aParnikowyj effiekt, izmiennienie klimata i ekosistiemy.
260 _aLeningrad,
_c1989.
040 _cBPK
041 _apol
942 _cKS
008 s pl f |000 0 pol
999 _c29166
_d29166
856 _uhttp://koha.tu.koszalin.pl/cgi-bin/koha/opac-detail.pl?biblionumber=29166
_yKatalog online BPK